00219nam a2200085Ia 4500008004100000100001400041245004000055260002900095260000900124180219s9999 xx 000 0 und d aGoyal M K 0aSwaasthy Bhojan Aur Swaasthy Vigyan aAgarwal Publication Agra c2013